zpět

Detail výsledku týmu

Hostinec Depo, Český Krumlov

Datum a čas kvízu

31.5 Celkem bodů Celkový počet nahraných bodů na tomto kvízu bez doplňovacích otázek.
1. Pořadí na kvízu Konečné umístění týmu na tomto kvízu.

Zaznamenané odpovědi

# Otázka Odpověď Body Výsledky
1. Novinářskou cenu Ferdinanda Pe... 0
2. Podle čínského kalendáře vstou... 0.5
3. Známý britský herec a komik od... 1
4. Zatímco s robotickým vozítkem... 1
5. Trenér české hokejové reprezen... 1
6. O Venezuele se poslední dobou... 0
7. Důvodem, proč se o Venezuele m... 1
8. Díváme se na podobiznu bezespo... 0
9. Nejvyšší vodopád na světě najd... 0
10. Vzhledem k přírodním podmínkám... 0